| 000 | 00949nam a22002895a 4500 | ||
|---|---|---|---|
| 999 |
_c25586 _d25558 |
||
| 005 | 20201203143155.0 | ||
| 008 | 171115t2002 onca frb 001 0 eng d | ||
| 020 | _a9781550092066 | ||
| 040 |
_aEG-ScBUE _beng _cEG-ScBUE _dEG-ScBUE |
||
| 082 | 0 | 4 |
_a617.63 _bBRI _222 |
| 100 | 1 | _aBricker, Steven L. | |
| 245 | 1 | 0 |
_aOral diagnosis, oral medicine, and treatment planning / _cSteven L. Bricker, Robert P. Langlais, Craig S. Miller. |
| 250 | _a2nd ed. | ||
| 260 |
_aHamilton : _bB.C Decker, _cc.2002. |
||
| 300 |
_a xiv, 854 p. : _bill. ; _c24 cm. |
||
| 500 | _aIndex : p. 833-854. | ||
| 504 | _aIncludes bibliographical references. | ||
| 650 | 7 |
_2BUEsh _941359 _aMouth _xDiseases. |
|
| 650 | 7 |
_940778 _aTeeth _xDiseases _xDiagnosis. _2BUEsh |
|
| 650 | 7 |
_941422 _aOral medicine. _2BUEsh |
|
| 651 | _2BUEsh | ||
| 653 | _cNovember2017 | ||
| 655 |
_vReading book _934232 |
||
| 700 | 1 | _aLanglais, Robert P. | |
| 700 | 1 | _aMiller, Craig S. | |
| 942 | _2ddc | ||